| 000 | 00384cam a22001337a 4500 | ||
|---|---|---|---|
| 008 | 180718b1960 xxu||||| |||| 00| 0 eng d | ||
| 082 | _aB12x54 In7 | ||
| 245 |
_aIndia's population _cby Institute of Economic Growth |
||
| 260 |
_aBombay _bAsia Pub. House _c1960 |
||
| 300 | _a208p. | ||
| 500 | _aRs.15.00 | ||
| 650 | _aPopulation - India. | ||
| 700 | _aIndia.Institute of Economic Growth | ||
| 999 |
_c370485 _d370485 |
||